000 00447nam a2200145Ia 4500
999 _c13971
_d13971
003 OSt
005 20260303111637.0
008 260210s9999 xx 000 0 und d
020 _a9781032475806
100 _aMartin van Maarseveen, Javier Martinez, Johannes Flacke
245 0 _aGis In Sustainable Urban Planning And Management: A Global Perspective
260 _bCRC Press / Taylor & Francis Group
_c2023
300 _a364p.,
942 _cRD
_2ddc